000 01349nam a22002297a 4500
999 _c61942
_d61942
003 Ge_BSU
005 20240613115409.0
008 240613s1962 ge ||||| |||| 00| 0 geo d
041 _ageo
080 _a378.661(479.22)(09)+61(479.22)(09) უ-41
245 _aუმაღლესი სამედიცინო განათლება საბჭოთა საქართველოში /
_c პ. გელბახიანი, მ. სააკაშვილი, ი. ტატიშვილი, ი. მენთეშაშვილი, გ. კვიტაშვილი.
264 _a თბ. :
_b საბჭ. საქართველო,
_c1962.
300 _a435 გვ. :
_b4ფ. ილ. ;
_c22 სმ.
653 _a უმაღლესი სამედიცინო განათლება საქართველოში
653 _aმედიცინა
700 _aგელბახიანი, პ.
_eავტორი
_922358
700 _a სააკაშვილი, მ.
_eავტორი
_922413
700 _aტატიშვილი, ი.
_eავტორი
_93867
700 _aმენთეშაშვილი, ი.
_eავტორი
_922414
700 _a კვიტაშვილი, გ.
_eავტორი
_922415
942 _2udc
_cᲬᲘᲒᲜᲘ